|
|
|
|
| LEADER |
00000nab a2200000 a 4500 |
| 001 |
vtls000814014 |
| 003 |
SK-MaSNL |
| 005 |
20260304225814.0 |
| 008 |
180206c2002 xo 0 slo |
| 015 |
|
|
|a SNBRB2002/11-36892
|
| 035 |
|
|
|a CLN000165669
|
| 040 |
|
|
|a SNKBUCL
|b slo
|c SNKBUCL
|e AACR2
|
| 041 |
0 |
|
|a slo
|
| 044 |
|
|
|a xo
|c SK
|
| 080 |
|
|
|a 504.06:061.1(100):061.3
|2 UDC-MRF-SK2
|
| 080 |
|
|
|a 330.34(100)
|2 UDC-MRF-SK2
|
| 100 |
1 |
|
|a Huba, Mikuláš,
|d 1954-
|4 aut
|9 102715
|
| 245 |
1 |
0 |
|a Johannesburg 2002
|b alebo konfrontácia idealizmu a realizmu desať rokov po Riu
|c Mikuláš Huba
|
| 611 |
1 |
7 |
|a Svetový summit o trvalo udržateľnom rozvoji
|d 2002
|c Johannesburg, Juhoafrická republika
|2 snkbucl
|9 1250237
|
| 650 |
0 |
7 |
|a životné prostredie
|2 snkbucl
|9 786
|
| 650 |
0 |
7 |
|a trvalo udržateľný rozvoj
|2 snkbucl
|9 3353
|
| 655 |
|
7 |
|a články z novín a časopisov
|2 snkbucl
|9 267496
|
| 773 |
0 |
|
|t Mosty
|g Roč. 11, č. 40 (2002), s. 14
|
| 850 |
|
|
|a Slovenská národná knižnica v Martine
|
| 852 |
|
|
|a SNK
|b KIS3GCP
|
| 958 |
|
|
|a RBX
|
| 999 |
|
|
|c 3179821
|d 3181751
|